الدبلوماسية / (Record no. 27228)
[ view plain ]
| 000 -الفاتح | |
|---|---|
| حقل البيانات ثابتة الطول | 01369nam a22003495a 4500 |
| 003 - محدد رقم الضبط | |
| رقم الضبط | EG-ScBUE |
| 005 - وقت وتاريخ اخر تعامل مع التسجيلة | |
| رقم الضبط | 20190314104522.0 |
| 008 - عناصر البيانات ثابتة الطول - معلومات عامة | |
| حقل البيانات ثابتة الطول | 190311k20022001ua fr 000 0 ara d |
| 017 ## - رقم الإيداع القانونى | |
| رقم الإيداع القانونى | 2001 / 9007 (مج. 1) |
| 017 ## - رقم الإيداع القانونى | |
| رقم الإيداع القانونى | 2001 / 3021 (مج. 2) |
| 017 ## - رقم الإيداع القانونى | |
| رقم الإيداع القانونى | 2002 / 15030 (مج. 3) |
| 020 ## - الرقم الدولى المعيارى للكتب | |
| الرقم الدولى المعيارى للكتاب | 9772010534 (pbk. : مج. 1) |
| 020 ## - الرقم الدولى المعيارى للكتب | |
| الرقم الدولى المعيارى للكتاب | 9772010577 (مج. 2) |
| 020 ## - الرقم الدولى المعيارى للكتب | |
| الرقم الدولى المعيارى للكتاب | 9772010674 (مج. 3) |
| 040 ## - مصدر الفهرسة | |
| وكالة الفهرسة الأصلية | EG-ScBUE |
| لغة الفهرسة | ara |
| وكالة النسخ | EG-ScBUE |
| وكالة التعديل | EG-ScBUE |
| 041 1# - رمز اللغة | |
| رمز لغة النص/ المسارات الصوتية أو العنوان الانفرادي | ara |
| رمز لغة الترجمات و/او الاصلية المتوسطة للنص | eng |
| 082 04 - رقم تصنيف ديوى العشرى | |
| رقم التصنيف | 327.20973 |
| رقم المادة | ك ي س |
| رقم الطبعة | 22 |
| 100 1# - المدخل الرئيسى - إسم شخصى | |
| الإسم الشخصى | كيسنجر، هنري |
| التواريخ المصاحبة للاسم | 1923-. |
| 240 1# - العنوان الموحد | |
| عنوان موحد | Diplomacy. |
| لغة العمل | Arabic |
| 245 12 - بيان العنوان | |
| العنوان | الدبلوماسية / |
| بيان المسئوليه,etc | هنري كيسنجر ؛ تقديم محمد عبد المنعم ؛ ترجمة فوزي وفاء. |
| 260 ## - PUBLICATION, DISTRIBUTION, ETC. (IMPRINT) | |
| مكان الناشر او الموزع | القاهرة : |
| اسم الناشر او الموزع | مؤسسة روز اليوسف، |
| تاريخ النشر أو التوزيع | 2001-2002. |
| 300 ## - الوصف المادى | |
| التعداد | 3 مج. ؛ |
| أبعاد الوعاء | 24 سم. |
| 490 0# - بيان السلسلة | |
| عنوان السلسلة | كتاب الذهبي |
| 546 ## - تبصرة اللغة | |
| تبصرة اللغة | النص باللغة العربية ؛ مترجم من اللغة الإنجليزية. |
| 650 #7 - المدخل الاضافى بالموضوع-مصطلح موضوعى | |
| مصطلح موضوعي أو اسم جغرافي كعنصر مدخل | الدبلوماسية. |
| مصدر الرأس أو المصطلح | BUEsh |
| 650 #7 - المدخل الاضافى بالموضوع-مصطلح موضوعى | |
| مصطلح موضوعي أو اسم جغرافي كعنصر مدخل | الدبلوماسية |
| التقسيم الفرعي العام | تاريخ. |
| مصدر الرأس أو المصطلح | BUEsh |
| 9 (RLIN) | 16833 |
| 651 #7 - المدخل الاضافى بالموضوع - اسم جغرافى | |
| الاسم الجغرافي | الولايات المتحدة الأمريكية |
| التقسيم الفرعي العام | علاقات خارجية. |
| مصدر الرأس أو المصطلح | BUEsh |
| 653 ## - مصطلح تكشيفى غير مقيد | |
| Resource For college | BAEPS, Political Science |
| Arrived date list | March2019 |
| 700 1# - المدخل الاضافى - اسم شخصى | |
| الإسم الشخصى | وفاء، فوزي، |
| الدور | مترجم. |
| 700 1# - المدخل الاضافى - اسم شخصى | |
| الإسم الشخصى | عبد المنعم، محمد، |
| الدور | مقدم. |
| 942 ## - عناصر المدخل الإضافي( كوها) | |
| مصدر التصنيف او مخطط الترفيف | Dewey Decimal Classification |
| حالة التراجع | حالة الفقد | مصدر التصنيف او خطة الترفيف | حالة تلف | ليس للاعارة | مجموعات كوها | المكان الدائم | المكان الحالي | موقع الترفيف | تاريخ الاكتساب | Source of acquisition | سعر الشراء الطبيعي | تعداد مسلسل / التسلسل الزمني | رقم الاستدعاء | الباركود | Date last seen | التكلفة | تبصرة غير عامة( المفوع للعناصر المفقوده) | نوع الوعاء | تبصرة عامة | مُعار |
|---|---|---|---|---|---|---|---|---|---|---|---|---|---|---|---|---|---|---|---|---|
| Dewey Decimal Classification | روز اليوسف | Central Library | Central Library | First floor | 11/03/2019 | Purchase | 75.00 | 0008424 | 327.20973 ك ي س | 000044366 | 15/07/2025 | 93.75 | التكلفة للأجزاء الثلاثة | Book - Borrowing | مج. 1 | |||||
| Dewey Decimal Classification | روز اليوسف | Central Library | Central Library | First floor | 14/03/2019 | Purchase | 75.00 | 0008424 | 327.20973 ك ي س | 000044372 | 28/10/2025 | 93.75 | التكلفة للأجزاء الثلاثة | Book - Borrowing | مج. 2 | 20/10/2025 | ||||
| Dewey Decimal Classification | روز اليوسف | Central Library | Central Library | First floor | 14/03/2019 | Purchase | 75.00 | 0008424 | 327.20973 ك ي س | 000044373 | 15/07/2025 | 93.75 | التكلفة للأجزاء الثلاثة | Book - Borrowing | مج. 3 |